Szczegóły MARC
| 000 -Nagłówek |
| fixed length control field |
02031nam a2200529 i 4500 |
| 001 - Nr kontrolny bibl., która utworzyła rek. |
| control field |
xx005914277 |
| 003 - Siglum bibl., której nr kontr. jest w 001 |
| control field |
NUKAT |
| 005 - Data i czas ostatniej operacji |
| control field |
20260327123708.0 |
| 008 - Elementy pola stałej długości |
| fixed length control field |
260324s1970 pl a g |000 0dpol c |
| 035 ## - Systemowy numer kontrolny |
| systemowy numer kontrolny |
(NUKAT)xx005914277 |
| 040 ## - Instytucja sporządzająca opis |
| Instytucja, która sporządziła opis |
OLSZT 008/AL |
| język katalgowania-trzyzn. kod |
pol |
| zasady opisu |
rda |
| Instytucja, która sporządziła rekord |
OLSZT 008/AL |
| Instytucja, która zmodyfikowała rekord |
OLSZT 008/AL |
| 045 0# - Okres czasu dla zawartości |
| czas między r. 9999 pne a nasz. czas. |
1970 |
| 046 ## - Kod rodz. daty, data1, data2 (daty pne) |
| Begin/single date |
1970 |
| 100 1# - Hasło główne-nazwa osobowa |
| Nazwa osobowa |
Napiórkowski, Piotr |
| Daty biograficzne |
(1922-2000). |
| rodzaj współpracy |
Autor |
| 9 (RLIN) |
38871 |
| 245 10 - Tytuł właściwy i oznaczenie odpow. |
| tytuł |
Izba Ottona Szulca / |
| dod. inf. ze s. tyt./ozn. odpow. |
P. N. |
| 260 ## - Adres wydawniczy |
| miejsce wydania, dystrybucji itp. |
Olsztyn : |
| nazwa wydawcy, dystrybutora itp. |
[wydawca nieznany], |
| data wydania, dystrybucji itp. |
[1970]. |
| 300 ## - Opis fizyczny |
| objętość i/lub forma materiału |
[8] stron : |
| inne szczegóły opisu fizycznego |
ilustracje ; |
| format |
18 cm. |
| 336 ## - Content Type |
| Term |
Tekst |
| Code |
txt |
| Source |
rdacontent |
| 337 ## - Media Type |
| Term |
Bez urządzenia pośredniczącego |
| Code |
n |
| Source |
rdamedia |
| 338 ## - Carrier Type |
| Term |
Wolumin |
| Code |
nc |
| Source |
rdacarrier |
| 380 ## - Form of work |
| Form of work |
Publikacje promocyjne |
| 380 ## - Form of work |
| Form of work |
Literatura faktu, eseje, publicystyka |
| 388 1# - TIME PERIOD OF CREATION |
| Time period of creation term |
1901-2000 |
| 388 1# - TIME PERIOD OF CREATION |
| Time period of creation term |
1945-1989 |
| 490 1# - Tytuł serii i ks. wielotom.-nie do wysz. |
| oznaczenie serii |
Miniatury "Pojezierza" |
| 500 ## - Uwaga ogólna |
| uwaga ogólna |
Kryptonim autora pod tekstem, nazwa autora: Piotr Napiórkowski. |
| 500 ## - Uwaga ogólna |
| uwaga ogólna |
Tytuł nagłówkowy. |
| 500 ## - Uwaga ogólna |
| uwaga ogólna |
Rok wydania według Bibliografii Warmii i Mazur. |
| 500 ## - Uwaga ogólna |
| uwaga ogólna |
Wkładka do czasopisma "Pojezierze". Wydarzenia i fakty kulturalne, Lato 1970. |
| 510 4# - Uwaga o cytowaniu lub źródłach opisu bibliogr. |
| nazwa źródła |
Bibliografia Warmii i Mazur 1968-1970 / opracowała Stefania Anculewicz. - Olsztyn, 1992, |
| lokaliz. opracowania w źródle |
pozycja 1586 |
| 600 17 - Hasło przedmiotowe-nazwa osobowa |
| nazwa osobowa |
Szulc, Otto |
| daty biograficzne |
(1909-1974). |
| źródło hasła |
kaba |
| 9 (RLIN) |
38872 |
| 610 27 - Hasło przedmiotowe-nazwa ciała zbior. |
| nazwa ciała zbior. lub geogr. |
Izba Regionalna (Parleza Mała). |
| źródło hasła |
kaba |
| 9 (RLIN) |
38874 |
| 648 #7 - SUBJECT ADDED ENTRY--CHRONOLOGICAL TERM |
| Chronological term |
1945-1989 |
| Source of heading or term |
DBN |
| 9 (RLIN) |
36043 |
| 650 #7 - Hasło przedmiotowe-nazwa pospolita |
| nazwa pospolita lub geogr. |
Rzeźbiarze |
| określnik geograficzny |
Polska |
| określnik chronologiczny |
20 w. |
| określnik formy |
biografie. |
| źródło hasła |
kaba |
| 9 (RLIN) |
38875 |
| 650 #7 - Hasło przedmiotowe-nazwa pospolita |
| nazwa pospolita lub geogr. |
Artyści ludowi polscy |
| źródło hasła |
DBN |
| 9 (RLIN) |
38876 |
| 650 #7 - Hasło przedmiotowe-nazwa pospolita |
| nazwa pospolita lub geogr. |
Izby muzealne |
| źródło hasła |
DBN |
| 9 (RLIN) |
38877 |
| 650 #7 - Hasło przedmiotowe-nazwa pospolita |
| nazwa pospolita lub geogr. |
Sztuka ludowa |
| źródło hasła |
DBN |
| 9 (RLIN) |
38878 |
| 651 #7 - Hasło przedmiotowe-nazwa geogr. |
| nazwa geograficzna |
Warmia |
| źródło hasła |
DBN |
| 9 (RLIN) |
35166 |
| 651 #7 - Hasło przedmiotowe-nazwa geogr. |
| nazwa geograficzna |
Biskupiec (woj. warmińsko-mazurskie, pow. olsztyński, gm. Biskupiec ; okolice) |
| źródło hasła |
DBN |
| 9 (RLIN) |
38880 |
| 655 #7 - Termin określający rodzaj/formę |
| rodzaj/forma |
Broszura |
| źródło terminu |
DBN |
| 9 (RLIN) |
34954 |
| 655 #7 - Termin określający rodzaj/formę |
| rodzaj/forma |
Biografia |
| źródło terminu |
DBN |
| 9 (RLIN) |
35059 |
| 658 ## - Nazwa określająca cel programu nauczania |
| główny cel programu nauczania |
Bibliotekarstwo, archiwistyka, muzealnictwo |
| 830 #0 - Hasło dod. serii i op. ks. wielotom. -tyt |
| tytuł |
Miniatury "Pojezierza" |
| 9 (RLIN) |
38869 |
| 942 ## - ADDED ENTRY ELEMENTS (KOHA) |
| Source of classification or shelving scheme |
Dewey Decimal Classification |
| Koha item type |
pozycje dostępne na miejscu |